Les francais par eux-memes, 1815-1885
Αποθηκεύτηκε σε:
| Κύριος συγγραφέας: | |
|---|---|
| Μορφή: | Βιβλίο |
| Γλώσσα: | French |
| Δημοσίευση: |
[Paris] :
O. Orban,
c1991
|
| Θέματα: | |
| Ετικέτες: |
Προσθήκη ετικέτας
Δεν υπάρχουν, Καταχωρήστε ετικέτα πρώτοι!
|
MARC
| LEADER | 00000nam a2200000 i 4500 | ||
|---|---|---|---|
| 001 | 1/103658 | ||
| 008 | 950518s1991 fre d | ||
| 020 | |a 2-85565-544-7 | ||
| 035 | |l 10012979 | ||
| 040 | |a GR-MY-UA |b gre |e aacr | ||
| 041 | 0 | |a fre | |
| 082 | 0 | |a 944.060922 | |
| 100 | 1 | |a Bertholet, Denis |d 1952- | |
| 245 | 1 | 4 | |a Les francais par eux-memes, 1815-1885 / |c Denis Bertholet |
| 260 | |a [Paris] : |b O. Orban, |c c1991 | ||
| 300 | |a 362 p.; |c 24 cm | ||
| 504 | |a "Repertoire des autobiographies publiees entre 1810 et 1885": p. [333]-356 | ||
| 504 | |a Includes bibliographic references | ||
| 650 | 0 | 0 | |a National characteristics, French. |
| 650 | 0 | 0 | |a Autobiographies |z France. |
| 650 | 0 | 0 | |a Biography |y 19th century. |
| 650 | 0 | 0 | |a Self in literature. |
| 651 | 0 | |a France |x Biography. | |
| 651 | 0 | |a France |x Intellectual life |y 19th century. | |
| 852 | |a INST |b LESVOS |e 19950518 |h 944.060922 BER |p 005100000598 |q 005100000598 |t BK |y 0 | ||
| 909 | |a Λ |b 024799 | ||